000 00807cab a2200241 4500
001 WB3503-29
008 090401t1999 xxu||||| |||| 00| 0 eng d
035 _a(Sirsi) u90842
041 _aeng
245 _aFirst time buyers cautious
260 _c1999
350 _a0
490 _aTimes
_v21 January 1999, 29(1)
520 _aA survey by the Council of Mortgage Lenders indicates that first-time buyers are saving for longer and borrowing a much lower proportion of the price of their home.
650 _aCOUNCIL OF MORTGAGE LENDERS
650 _aFIRST-TIME BUYERS
650 _aHOMEBUYERS
650 _aPROPERTY-RESIDENTIAL PROPERTY-ACQUISITION AND DISPOSAL OF RESIDENTIAL PROPERTY
650 _aMORTGAGE MARKET
690 _aHOUSING-HOUSING FINANCE
942 _n0
948 _c21/01/1999
999 _c57625
_d57625